[Event "SF-2013-0-00212"]
[Site "LSS email"]
[Date "2013.10.31"]
[Round "?"]
[White "Bajusz, Tibor"]
[Black "Slavin, Pablo"]
[Result "0-1"]
[WhiteElo "995"]
[BlackElo "1150"]
[PlyCount "28"]
[EventDate "2013.09.29"]
[EventType "tourn (corr)"]
[EventRounds "6"]
[EventCountry "GER"]
[SourceTitle "Corr 2022"]
[Source "ChessBase"]
[SourceDate "2021.10.24"]
[SourceVersion "1"]
[SourceVersionDate "2021.10.24"]
[SourceQuality "1"]

1. e4 c5 2. Nf3 Nc6 3. d4 cxd4 4. Nxd4 e6 5. Nc3 Bb4 6. Nxc6 Bxc3+ 7. bxc3 bxc6 8. Qd6 Qe7 9. Ba3 Qxd6 10. Bxd6 Nf6 11. Bd3 Kd8 12. e5 Ne8 13. Rb1 Nxd6 14. exd6 f5 0-1

[Event "SF-2013-0-00212"]
[Site "LSS email"]
[Date "2013.10.31"]
[Round "?"]
[White "Gorman, Andrew"]
[Black "Bajusz, Tibor"]
[Result "1-0"]
[WhiteElo "1218"]
[BlackElo "995"]
[PlyCount "23"]
[EventDate "2013.09.29"]
[EventType "tourn (corr)"]
[EventRounds "6"]
[EventCountry "GER"]
[SourceTitle "Corr 2022"]
[Source "ChessBase"]
[SourceDate "2021.10.24"]
[SourceVersion "1"]
[SourceVersionDate "2021.10.24"]
[SourceQuality "1"]

1. e4 e5 2. Nf3 Nf6 3. Nc3 Nc6 4. g3 Bc5 5. Bg2 d6 6. d3 h6 7. Na4 Bb6 8. 0-0 0-0 9. Nxb6 axb6 10. Re1 Bg4 11. c3 d5 12. exd5 1-0

[Event "CP-2013-P-00048"]
[Site "LSS email"]
[Date "2013.09.30"]
[Round "?"]
[White "Bajusz, Tibor"]
[Black "Felicio, Clairton"]
[Result "0-1"]
[WhiteElo "988"]
[BlackElo "2262"]
[PlyCount "40"]
[EventDate "2013.10.01"]
[EventType "tourn (corr)"]
[EventRounds "6"]
[EventCountry "GER"]
[SourceTitle "Corr 2015"]
[Source "ChessBase"]
[SourceDate "2015.07.17"]
[SourceVersion "1"]
[SourceVersionDate "2015.07.17"]
[SourceQuality "1"]

1. e4 c5 2. Nf3 d6 3. d4 cxd4 4. Nxd4 Nf6 5. Nc3 a6 6. Bc4 e6 7. 0-0 Be7 8. f4 b5 9. Bb3 Bb7 10. e5 dxe5 11. fxe5 Bc5 12. Be3 Nc6 13. exf6 Bxd4 14. Bxd4 Qxd4+ 15. Qxd4 Nxd4 16. Rad1 Nxb3 17. fxg7 Rg8 18. axb3 Rxg7 19. g3 h5 20. Rf4 Rg4 0-1

[Event "CP-2013-P-00048"]
[Site "LSS email"]
[Date "2013.09.30"]
[Round "?"]
[White "Bellanger, Michel"]
[Black "Bajusz, Tibor"]
[Result "1-0"]
[WhiteElo "1863"]
[BlackElo "988"]
[PlyCount "29"]
[EventDate "2013.10.01"]
[EventType "tourn (corr)"]
[EventRounds "6"]
[EventCountry "GER"]
[SourceTitle "Corr 2015"]
[Source "ChessBase"]
[SourceDate "2015.07.17"]
[SourceVersion "1"]
[SourceVersionDate "2015.07.17"]
[SourceQuality "1"]

1. e4 d6 2. d4 Nf6 3. Nc3 g6 4. Nf3 Bg7 5. Be2 0-0 6. 0-0 c6 7. h3 Nbd7 8. Bf4 e5 9. dxe5 dxe5 10. Nxe5 Nxe4 11. Nxe4 Nxe5 12. Qxd8 Rxd8 13. Bg5 Rd5 14. Nf6+ Bxf6 15. Bxf6 1-0

[Event "RN-2013-0-00696"]
[Site "LSS email"]
[Date "2013.09.11"]
[Round "?"]
[White "Bajusz, Tibor"]
[Black "Fridich, Vaclav Sr"]
[Result "1/2-1/2"]
[WhiteElo "1039"]
[BlackElo "956"]
[PlyCount "52"]
[EventDate "2013.09.02"]
[EventType "tourn (corr)"]
[EventRounds "6"]
[EventCountry "GER"]
[SourceTitle "Telechess CBM 163"]
[Source "ChessBase"]
[SourceDate "2014.11.11"]
[SourceVersion "2"]
[SourceVersionDate "2014.11.11"]
[SourceQuality "1"]

1. e4 d5 2. exd5 Nf6 3. d4 Nxd5 4. c4 Nf6 5. Nf3 e6 6. Nc3 Bb4 7. a3 Bxc3+ 8. bxc3 0-0 9. Be2 b6 10. 0-0 Bb7 11. Bg5 Nbd7 12. Re1 h6 13. Bh4 Qc8 14. Ne5 Nxe5 15. dxe5 Nd7 16. Bf3 Bxf3 17. Qxf3 c5 18. Rad1 Qc7 19. Bg3 Rfc8 20. Rd6 Rab8 21. Red1 Nf8 22. Qd3 a6 23. a4 g6 24. Qe3 Kh7 25. Bf4 g5 26. Qd3+ Kg7 1/2-1/2

[Event "RN-2013-0-00696"]
[Site "LSS email"]
[Date "2013.09.10"]
[Round "?"]
[White "Bajusz, Tibor"]
[Black "Bester, Kazimierz"]
[Result "1-0"]
[WhiteElo "1039"]
[BlackElo "713"]
[PlyCount "89"]
[EventDate "2013.09.02"]
[EventType "tourn (corr)"]
[EventRounds "6"]
[EventCountry "GER"]
[SourceTitle "Telechess CBM 163"]
[Source "ChessBase"]
[SourceDate "2014.11.11"]
[SourceVersion "2"]
[SourceVersionDate "2014.11.11"]
[SourceQuality "1"]

1. e4 d5 2. exd5 Qxd5 3. Nc3 Qa5 4. d4 Nf6 5. Nf3 Nc6 6. h3 Bf5 7. Bb5 0-0-0 8. Bxc6 bxc6 9. Ne5 Be6 10. Nxc6 Qa6 11. Nxd8 Kxd8 12. Qf3 Bc8 13. Bg5 Bb7 14. Qe2 Qa5 15. Bxf6 gxf6 16. f3 Ba6 17. Qe4 Kc8 18. Qa8+ Kd7 19. Qxa7 e6 20. a3 Bd6 21. 0-0-0 Qg5+ 22. Kb1 Bc8 23. g4 Qf4 24. Ne4 Rd8 25. Nxd6 Qxd6 26. d5 e5 27. c4 Ke8 28. c5 Qd7 29. d6 c6 30. Qxd7+ Bxd7 31. Rde1 Kf8 32. f4 exf4 33. Rhf1 f5 34. Rxf4 fxg4 35. hxg4 Kg7 36. Re7 Be6 37. a4 Ra8 38. d7 Rxa4 39. Rxa4 Kf8 40. Re8+ Kg7 41. d8Q h6 42. Rg8+ Kh7 43. Qf8 Ba2+ 44. Kxa2 f6 45. Qg7# 1-0

[Event "RN-2013-0-00696"]
[Site "LSS email"]
[Date "2013.09.10"]
[Round "?"]
[White "Bajusz, Tibor"]
[Black "Vontina, Maria"]
[Result "1-0"]
[WhiteElo "1039"]
[BlackElo "787"]
[PlyCount "47"]
[EventDate "2013.09.02"]
[EventType "tourn (corr)"]
[EventRounds "6"]
[EventCountry "GER"]
[SourceTitle "Telechess CBM 163"]
[Source "ChessBase"]
[SourceDate "2014.11.11"]
[SourceVersion "2"]
[SourceVersionDate "2014.11.11"]
[SourceQuality "1"]

1. e4 e6 2. d4 d5 3. e5 c5 4. c3 Nc6 5. Nf3 Qb6 6. a3 Nge7 7. b4 cxd4 8. cxd4 a6 9. Nc3 Ng6 10. Be3 Be7 11. h4 0-0 12. h5 Nh8 13. Qc2 f5 14. exf6 Bxf6 15. Bd3 Qd8 16. Bxh7+ Kf7 17. Bg6+ Nxg6 18. Qxg6+ Ke7 19. Bg5 Kd6 20. Bf4+ Ke7 21. h6 gxh6 22. Rxh6 Rh8 23. Qxf6+ Kd7 24. Qxe6# 1-0

[Event "ZN-2013-0-02426"]
[Site "LSS email"]
[Date "2013.08.27"]
[Round "?"]
[White "Lauer, Fredric"]
[Black "Bajusz, Tibor"]
[Result "1/2-1/2"]
[WhiteElo "1081"]
[BlackElo "993"]
[PlyCount "76"]
[EventDate "2013.08.22"]
[EventType "match (corr)"]
[EventRounds "2"]
[EventCountry "GER"]
[SourceTitle "Telechess CBM 167"]
[Source "ChessBase"]
[SourceDate "2015.07.13"]
[SourceVersion "1"]
[SourceVersionDate "2015.07.13"]
[SourceQuality "1"]

1. e4 e5 2. Nf3 Nf6 3. Nc3 Nc6 4. d4 exd4 5. Nxd4 Bb4 6. Nxc6 Bxc3+ 7. bxc3 bxc6 8. Bd3 0-0 9. 0-0 d6 10. Bg5 h6 11. Bh4 g5 12. Bg3 Rb8 13. e5 dxe5 14. Bxe5 Re8 15. Bd4 Qd6 16. Re1 c5 17. Rxe8+ Nxe8 18. Qe2 Bf5 19. Be3 Bxd3 20. cxd3 Qe5 21. Re1 Qxc3 22. Rc1 Qb2 23. Qxb2 Rxb2 24. a3 Rb3 25. Bxc5 Rxd3 26. Bxa7 Rxa3 27. Bc5 Ra6 28. h3 Rc6 29. Be3 Rxc1+ 30. Bxc1 f6 31. f4 Kf7 32. fxg5 fxg5 33. g4 Ke6 34. h4 Kf6 35. hxg5+ hxg5 36. Kg2 Nd6 37. Kf3 Nf7 38. Ke4 Ke6 1/2-1/2

[Event "RN-2013-0-00685"]
[Site "LSS email"]
[Date "2013.08.21"]
[Round "?"]
[White "Novoa, Nicolas"]
[Black "Bajusz, Tibor"]
[Result "0-1"]
[WhiteElo "315"]
[BlackElo "1039"]
[PlyCount "42"]
[EventDate "2013.08.10"]
[EventType "tourn (corr)"]
[EventRounds "6"]
[EventCountry "GER"]
[SourceTitle "Telechess CBM 163"]
[Source "ChessBase"]
[SourceDate "2014.11.11"]
[SourceVersion "2"]
[SourceVersionDate "2014.11.11"]
[SourceQuality "1"]

1. d4 Nf6 2. Nf3 d5 3. Ne5 Bf5 4. Nc3 e6 5. g4 Bg6 6. Bg5 Be7 7. Bg2 0-0 8. e4 Bxe4 9. Bxe4 Nxe4 10. Rf1 Bxg5 11. Nxe4 dxe4 12. f4 Bh4+ 13. Rf2 e3 14. Ng6 exf2+ 15. Kf1 fxg6 16. d5 Qxd5 17. Qc1 Qc4+ 18. Kg2 Qe4+ 19. Kf1 Nc6 20. f5 Nd4 21. c3 Qh1# 0-1

[Event "OP-2011-0-01859"]
[Site "LSS email"]
[Date "2011.11.05"]
[Round "?"]
[White "Bajusz, Tibor"]
[Black "Semenov, Zhenya"]
[Result "0-1"]
[WhiteElo "916"]
[BlackElo "978"]
[PlyCount "20"]
[EventDate "2011.11.01"]
[EventType "tourn (corr)"]
[EventRounds "4"]
[EventCountry "GER"]
[SourceTitle "Corr 2015"]
[Source "ChessBase"]
[SourceDate "2015.07.17"]
[SourceVersion "1"]
[SourceVersionDate "2015.07.17"]
[SourceQuality "1"]

1. e4 c5 2. Nf3 Nc6 3. d4 cxd4 4. Nxd4 Nf6 5. Nc3 e5 6. Ndb5 d6 7. Bg5 a6 8. Na3 b5 9. Bxf6 gxf6 10. Nd5 Be6 0-1

[Event "LSS RN-2010-0-00274"]
[Site "LSS email"]
[Date "2010.03.23"]
[Round "?"]
[White "Bajusz, Tibor"]
[Black "Brough, Carl"]
[Result "0-1"]
[WhiteElo "941"]
[BlackElo "665"]
[PlyCount "62"]
[EventDate "2010.03.09"]
[EventType "tourn (corr)"]
[EventRounds "6"]
[EventCountry "GER"]
[SourceTitle "Telechess CBM 141"]
[Source "ChessBase"]
[SourceDate "2011.03.17"]
[SourceVersion "1"]
[SourceVersionDate "2011.03.17"]
[SourceQuality "1"]

1. e4 e5 2. Nf3 Nc6 3. Bb5 Bc5 4. c3 a6 5. Bxc6 dxc6 6. d4 Be7 7. Nxe5 Be6 8. 0-0 Bd6 9. Nf3 f6 10. Re1 Ne7 11. b4 Ng6 12. h3 0-0 13. Bb2 Nf4 14. e5 fxe5 15. dxe5 Be7 16. Qxd8 Raxd8 17. Nd4 Bc4 18. Na3 Bd5 19. f3 Nd3 20. Re2 Bh4 21. Bc1 Bg3 22. Nac2 Nxe5 23. Ne3 Rde8 24. Nef5 Nxf3+ 25. gxf3 Rxe2 26. Nxe2 Rxf5 27. Nxg3 Rxf3 28. Nf1 Rxh3 29. Bb2 g5 30. a3 g4 31. Re1 g3 0-1

[Event "LSS RN-2009-0-00245"]
[Site "LSS email"]
[Date "2009.12.17"]
[Round "?"]
[White "Neil, Charles"]
[Black "Bajusz, Tibor"]
[Result "0-1"]
[WhiteElo "534"]
[BlackElo "977"]
[PlyCount "62"]
[EventDate "2009.11.29"]
[EventType "tourn (corr)"]
[EventRounds "6"]
[EventCountry "GER"]
[SourceTitle "Corr 2013"]
[Source "ChessBase"]
[SourceDate "2012.11.12"]
[SourceVersion "1"]
[SourceVersionDate "2012.11.12"]
[SourceQuality "1"]

1. e4 e5 2. Nf3 Nf6 3. Nc3 Nc6 4. d4 exd4 5. Nxd4 Bb4 6. Nxc6 bxc6 7. Bd3 d5 8. exd5 cxd5 9. Qe2+ Qe7 10. 0-0 Qxe2 11. Nxe2 0-0 12. Bf4 Ba5 13. Nd4 Bd7 14. c3 Bb6 15. Rfe1 Rfe8 16. Nf5 Nh5 17. Be3 Bxe3 18. Nxe3 Nf4 19. Bc2 c6 20. b4 a5 21. Nf1 Ne2+ 22. Kh1 Nxc3 23. bxa5 Rxa5 24. h3 Rxa2 25. Rxa2 Nxa2 26. Ra1 Nb4 27. Bb3 Nd3 28. Ra7 Nc5 29. Bd1 g6 30. Ng3 Re1+ 31. Kh2 Rxd1 0-1

[Event "LSS ZN-2009-0-00739"]
[Site "LSS email"]
[Date "2009.10.04"]
[Round "?"]
[White "Bajusz, Tibor"]
[Black "Trevis, Robert R"]
[Result "1-0"]
[WhiteElo "1356"]
[BlackElo "921"]
[PlyCount "75"]
[EventDate "2009.09.20"]
[EventType "match (corr)"]
[EventRounds "2"]
[EventCountry "GER"]
[SourceTitle "Telechess CBM 137"]
[Source "ChessBase"]
[SourceDate "2010.07.15"]
[SourceVersion "1"]
[SourceVersionDate "2010.07.15"]
[SourceQuality "1"]
[WhiteTeam "Germany"]
[WhiteTeamCountry "GER"]

1. e4 e5 2. Nf3 Nc6 3. Bb5 a6 4. Bxc6 dxc6 5. 0-0 f6 6. d4 exd4 7. Nxd4 c5 8. Nb3 Qxd1 9. Rxd1 Bd6 10. Nc3 Ne7 11. Be3 b6 12. a4 Be6 13. a5 Be5 14. f4 Bxc3 15. bxc3 0-0 16. f5 Bc4 17. Rd7 Rfe8 18. Rxc7 Rad8 19. axb6 Nxf5 20. exf5 Rxe3 21. Nxc5 Rxc3 22. Nxa6 Rxc2 23. b7 Bxa6 24. Rxc2 Bxb7 25. Rc7 Be4 26. Raa7 Rd1+ 27. Kf2 h5 28. Rxg7+ Kh8 29. Rge7 Bc6 30. Rf7 Rd2+ 31. Ke3 Rxg2 32. Rxf6 Be8 33. Rf8+ Rg8 34. Rxg8+ Kxg8 35. Kf4 Kf8 36. Ke5 Bb5 37. Kf6 Be8 38. Ra8 1-0

[Event "LSS ZN-2009-0-00721"]
[Site "LSS email"]
[Date "2009.09.06"]
[Round "?"]
[White "Mori, Roberto"]
[Black "Bajusz, Tibor"]
[Result "0-1"]
[WhiteElo "594"]
[BlackElo "800"]
[PlyCount "56"]
[EventDate "2009.09.02"]
[EventType "match (corr)"]
[EventRounds "2"]
[EventCountry "GER"]
[SourceTitle "Corr 2011"]
[Source "ChessBase"]
[SourceDate "2010.08.31"]
[SourceVersion "1"]
[SourceVersionDate "2010.08.31"]
[SourceQuality "1"]

1. e4 e5 2. Nf3 Nf6 3. Nc3 Nc6 4. d4 exd4 5. Nxd4 Bb4 6. Bd2 Nxd4 7. Nd5 Bxd2+ 8. Qxd2 Nc6 9. Qe2 0-0 10. f3 Nxd5 11. 0-0-0 Nf4 12. Qe3 Qg5 13. Kb1 Ne6 14. Qd3 f5 15. exf5 Qxf5 16. Qxf5 Rxf5 17. Bc4 d6 18. Rhe1 Kf7 19. a3 Bd7 20. Rd2 Re5 21. Red1 Re8 22. f4 Re4 23. Bd3 Rxf4 24. Bxh7 Rh4 25. Rf2+ Ke7 26. Bg6 Rf8 27. Rxf8 Nxf8 28. Re1+ Be6 0-1